[Event "2024 Newport Major"]
[Site "Newport"]
[Date "2024.08.18"]
[Round "4.3"]
[White "Thomas, Kevin"]
[Black "Loog, Tiiu"]
[Result "1/2-1/2"]
[WhiteElo "1750"]
[BlackElo "1764"]
[PlyCount "65"]
[EventDate "2024.08.16"]

1. e4 c5 2. d4 cxd4 3. c3 dxc3 4. Nxc3 e6 5. Nf3 Ne7 6. Bc4 Ng6 7. O-O Be7 8. Qe2 Nc6 9. Rd1 O-O 10. Bb3 a6 11. Be3 b5 12. Rac1 Na5 13. Bc2 Nc4 14. Bb1 Nxe3 15. Qxe3 Bb7 16. g3 Rc8 17. a3 Bc5 18. Qd3 Qb6 19. Qe2 Bc6 20. h4 b4 21. axb4 Bxb4 22. Ng5 h6 23. Nf3 Bxc3 24. bxc3 Qa5 25. Bd3 Ba4 26. Qa2 Rc5 27. Rd2 Bc6 28. Qb3 Ra8 29. Ra2 Qc7 30. Qb4 d6 31. Rxa6 Rxa6 32. Bxa6 Ne5 33. Nxe5 1/2-1/2

[Event "2024 Newport Major"]
[Site "Newport"]
[Date "2024.08.18"]
[Round "4.4"]
[White "Shek, Daniel"]
[Black "Daly, Grant"]
[Result "1-0"]
[WhiteElo "1872"]
[BlackElo "1655"]
[PlyCount "45"]
[EventDate "2024.08.16"]

1. c4 e5 2. Nc3 Nc6 3. e4 g6 4. g3 Bg7 5. Bg2 d6 6. d3 Nge7 7. Nge2 O-O 8. O-O Be6 9. Be3 Qd7 10. Rc1 a6 11. b3 Rab8 12. d4 exd4 13. Nxd4 Nxd4 14. Bxd4 f6 15. Qd2 Nc6 16. Be3 Ne5 17. f4 Ng4 18. Rcd1 Nxe3 19. Qxe3 f5 20. Rfe1 Qf7 21. exf5 Bxf5 22. Bd5 Rbe8 23. Qxe8 1-0

[Event "2024 Newport Major"]
[Site "Newport"]
[Date "2024.08.18"]
[Round "4.5"]
[White "McGeeney, David"]
[Black "Faulkner, David J"]
[Result "1-0"]
[WhiteElo "1780"]
[BlackElo "1871"]
[PlyCount "77"]
[EventDate "2024.08.16"]

1. e4 Nf6 2. Nc3 d6 3. Bc4 g6 4. Nf3 Bg7 5. e5 dxe5 6. Nxe5 O-O 7. Bxf7+ Rxf7 8. Nxf7 Kxf7 9. O-O Nc6 10. d3 Bf5 11. Be3 Nd5 12. Ne4 Kg8 13. c3 Nxe3 14. fxe3 Bh6 15. Re1 Bxe4 16. dxe4 Qxd1 17. Raxd1 Ne5 18. b3 Kf7 19. h3 Ke6 20. Kf2 c6 21. Rd2 Nf7 22. h4 Nd6 23. Rd3 Bg7 24. c4 Rf8+ 25. Kg1 Nxe4 26. Rf1 Rxf1+ 27. Kxf1 Bf6 28. h5 gxh5 29. Rd8 Be5 30. Ra8 Bc3 31. Rxa7 Nc5 32. Ke2 Ke5 33. a3 e6 34. b4 Ne4 35. Rxb7 h6 36. a4 Nd6 37. Rb6 Nxc4 38. Rxc6 Kd5 39. Rc5+ 1-0

[Event "2024 Newport Major"]
[Site "Newport"]
[Date "2024.08.18"]
[Round "4.6"]
[White "Little, Cameron"]
[Black "Parri, Deio"]
[Result "1-0"]
[WhiteElo "1840"]
[BlackElo "1774"]
[PlyCount "43"]
[EventDate "2024.08.16"]

1. e4 e6 2. d4 d5 3. Nc3 Nf6 4. e5 Nfd7 5. f4 c5 6. Be3 cxd4 7. Bxd4 Be7 8. Nf3 Nc6 9. Bb5 a6 10. Be2 b5 11. O-O O-O 12. Kh1 f6 13. Qe1 fxe5 14. Bxe5 Ndxe5 15. Nxe5 Nxe5 16. fxe5 Bd7 17. Qg3 b4 18. Nd1 a5 19. Nf2 Qc7 20. Bd3 Rf7 21. Ng4 Raf8 22. Nh6+ 1-0

[Event "2024 Newport Major"]
[Site "Newport"]
[Date "2024.08.18"]
[Round "4.7"]
[White "Hannigan, Jack"]
[Black "Mckenna, Joshua"]
[Result "0-1"]
[WhiteElo "1824"]
[BlackElo "1701"]
[PlyCount "52"]
[EventDate "2024.08.16"]

1. e4 c6 2. Nc3 d5 3. Nf3 dxe4 4. Nxe4 Nf6 5. Qe2 Nxe4 6. Qxe4 Nd7 7. Bc4 Nf6 8. Qe2 e6 9. O-O Be7 10. d4 O-O 11. a4 b6 12. Re1 a5 13. Bf4 Bb7 14. Rad1 Nd5 15. Bg3 Qc8 16. Ne5 Bb4 17. c3 Bxc3 18. bxc3 Nxc3 19. Qg4 f5 20. Qg5 Nxd1 21. Ng6 Qd8 22. Bxe6+ Rf7 23. Ne7+ Kh8 24. Bxf7 Qxd4 25. Be5 Qxf2+ 26. Kh1 Qxe1# 0-1

[Event "2024 Newport Major"]
[Site "Newport"]
[Date "2024.08.18"]
[Round "4.9"]
[White "Norris, David"]
[Black "Jones, Steve"]
[Result "0-1"]
[WhiteElo "1713"]
[BlackElo "1812"]
[PlyCount "58"]
[EventDate "2024.08.16"]

1. e4 b6 2. d4 Bb7 3. Nc3 e6 4. Bd3 Bb4 5. Bd2 Nf6 6. Nge2 Bxc3 7. Nxc3 d5 8. exd5 Nxd5 9. Qg4 g6 10. Bg5 f5 11. Qh4 Qd7 12. Nxd5 Bxd5 13. O-O-O Qc6 14. Be7 Qd7 15. Bf6 O-O 16. c4 Qc6 17. b3 Nd7 18. Be7 Rf7 19. Kb2 Bxg2 20. Rhg1 Qf3 21. Bb4 e5 22. c5 Kg7 23. Bc4 Rf6 24. dxe5 Nxe5 25. Bc3 Re8 26. Rd7+ Nxd7 27. Bd2 f4 28. Qg5 Rf5 29. Bc3+ Qxc3+ 0-1

[Event "2024 Newport Major"]
[Site "Newport"]
[Date "2024.08.18"]
[Round "4.10"]
[White "Ryan, Jeremy"]
[Black "Williams, John A"]
[Result "0-1"]
[WhiteElo "1759"]
[BlackElo "1593"]
[Annotator "Paul,Hatchett"]
[PlyCount "86"]
[EventDate "2024.08.16"]

1. d4 d6 2. Nf3 Nf6 3. Bf4 c6 4. c3 Nbd7 5. Nbd2 Qc7 6. e4 e5 7. Bg3 Be7 8. Bd3 Nh5 9. Qe2 Nxg3 10. hxg3 Nf6 11. O-O-O Bg4 12. Nf1 O-O-O 13. Ne3 Be6 14. Kb1 Qa5 15. b4 Qb6 16. dxe5 dxe5 17. Ng5 c5 18. Nxe6 Qxe6 19. b5 Kb8 20. Nf5 g6 21. Nxe7 Qxe7 22. Bc4 h5 23. Kc2 Nd7 24. Rd2 Nb6 25. Rhd1 f6 26. Rxd8+ Rxd8 27. Rxd8+ Qxd8 28. Bf7 Na4 29. Bxg6 Qg8 30. Bxh5 Qxa2+ 31. Kd3 Qb1+ 32. Qc2 Qxb5+ 33. Ke3 c4 34. Qd2 Kc7 35. Bf7 Qb3 36. Kf3 Nxc3 37. Kg4 Nxe4 38. Qa5+ Qb6 39. Qxb6+ Kxb6 40. Bxc4 Kc5 41. Be2 b5 42. Kf5 Kd4 43. Bf3 Nd6+ {Time} 0-1

[Event "2024 Newport Major"]
[Site "Newport"]
[Date "2024.08.18"]
[Round "4.11"]
[White "Jones, Gavin"]
[Black "Williams, David J"]
[Result "1-0"]
[WhiteElo "1710"]
[BlackElo "1723"]
[PlyCount "101"]
[EventDate "2024.08.16"]

1. e4 c5 2. Nc3 e6 3. g3 d5 4. exd5 exd5 5. d3 Nf6 6. Bg2 Be6 7. Nge2 Nc6 8. O-O Be7 9. Re1 O-O 10. Nf4 Qd7 11. a4 d4 12. Nxe6 fxe6 13. Ne4 Rae8 14. Ng5 Bd6 15. Bh3 Nd8 16. c3 h6 17. Ne4 Nxe4 18. Rxe4 Qf7 19. Qe2 e5 20. Bd2 Ne6 21. f4 Nxf4 22. gxf4 Qg6+ 23. Qg4 Qxg4+ 24. Bxg4 exf4 25. Rxe8 Rxe8 26. Re1 Rxe1+ 27. Bxe1 g5 28. cxd4 cxd4 29. h4 Kg7 30. hxg5 hxg5 31. Kg2 Kf6 32. Kf3 Ke5 33. a5 b6 34. Ke2 Kd5 35. a6 Kc6 36. Be6 Be7 37. Kf3 Kd6 38. Bc8 Ke5 39. Kg4 Bd8 40. Bb4 Bf6 41. Bf8 Bd8 42. Bh6 Kd6 43. Bb7 Kc5 44. Bxg5 Bxg5 45. Kxg5 Kb4 46. Kxf4 Kb3 47. Ke4 Kxb2 48. Kxd4 b5 49. Kc5 Kc3 50. d4 b4 51. Be4 1-0

[Event "2024 Newport Major"]
[Site "Newport"]
[Date "2024.08.18"]
[Round "4.12"]
[White "Thom, Cash"]
[Black "Cuthbert, Larissa"]
[Result "1-0"]
[WhiteElo "1720"]
[BlackElo "1639"]
[PlyCount "45"]
[EventDate "2024.08.16"]

1. d4 Nf6 2. Nc3 e6 3. Bf4 Bb4 4. e3 c6 5. Bd3 O-O 6. g4 Qa5 7. Nge2 b6 8. a3 Bxc3+ 9. Nxc3 d5 10. b4 Ne4 11. bxa5 Nxc3 12. Qf3 Nd7 13. h4 f5 14. gxf5 exf5 15. Rg1 Nf6 16. Qg3 Rf7 17. Be5 g6 18. Qg5 Nh5 19. Qxh5 Bd7 20. Rxg6+ Kf8 21. Bd6+ Re7 22. Qxh7 Be6 23. Qxe7# 1-0

[Event "2024 Newport Major"]
[Site "Newport"]
[Date "2024.08.18"]
[Round "4.13"]
[White "Bourne, Patrick"]
[Black "Bain, Oliver"]
[Result "0-1"]
[WhiteElo "1670"]
[BlackElo "1726"]
[PlyCount "76"]
[EventDate "2024.08.16"]

1. d4 Nf6 2. Bg5 d5 3. Bxf6 gxf6 4. e3 e5 5. c4 exd4 6. Qxd4 Nc6 7. Qd1 Bf5 8. Nf3 dxc4 9. Nd4 Nxd4 10. exd4 Bb4+ 11. Nc3 Qe7+ 12. Qe2 Qxe2+ 13. Bxe2 O-O-O 14. O-O-O Rd7 15. Bxc4 Bf8 16. f4 Bb4 17. a3 Ba5 18. Rhe1 Rhd8 19. d5 Bb6 20. h3 Bf2 21. Rf1 Be3+ 22. Rd2 Bxd2+ 23. Kxd2 h5 24. Rd1 Re7 25. Be2 h4 26. Bf3 Rd6 27. Kc1 Re3 28. Rf1 Rd8 29. Rf2 Rg8 30. Ne2 Rge8 31. Kd2 Rd3+ 32. Kc1 Ree3 33. Bh5 Rxd5 34. Bxf7 Rc5+ 35. Kd1 Rc2 36. b3 Rb2 37. Bc4 a6 38. a4 Be6 0-1

[Event "2024 Newport Major"]
[Site "Newport"]
[Date "2024.08.18"]
[Round "4.14"]
[White "Williams, James L"]
[Black "Jones, Jeremy"]
[Result "1/2-1/2"]
[WhiteElo "1659"]
[BlackElo "1713"]
[PlyCount "52"]
[EventDate "2024.08.16"]

1. e4 c5 2. Nf3 d6 3. d4 cxd4 4. Nxd4 Nf6 5. Nc3 a6 6. Bd3 Nc6 7. Nf3 Bg4 8. Be3 g6 9. h3 Bd7 10. O-O Bg7 11. a3 O-O 12. Qd2 Qc8 13. Kh2 Qc7 14. Bf4 Nh5 15. Nd5 Qd8 16. c3 Nxf4 17. Qxf4 Ne5 18. Qd2 Nxf3+ 19. gxf3 b5 20. f4 e6 21. Ne3 Qh4 22. Ng2 Qf6 23. Qe3 Bh6 24. Qg3 Bg7 25. Rae1 Bc6 26. Rg1 Rad8 1/2-1/2

[Event "2024 Newport Major"]
[Site "Newport"]
[Date "2024.08.18"]
[Round "4.15"]
[White "Daniel, Elijah"]
[Black "Sharhorodsky, Yaroslav"]
[Result "1-0"]
[WhiteElo "1392"]
[BlackElo "1704"]
[PlyCount "26"]
[EventDate "2024.08.16"]

1. d4 Nf6 2. Bf4 c5 3. c3 cxd4 4. cxd4 Qb6 5. Qd2 Nc6 6. e3 Ne4 7. Qc2 Nb4 8. Qxe4 d5 9. Qf3 Nc2+ 10. Kd1 Nxa1 11. Qxd5 Qxb2 12. Bb5+ Qxb5 13. Qxb5+ Bd7 1-0

[Event "2024 Newport Major"]
[Site "Newport"]
[Date "2024.08.18"]
[Round "4.17"]
[White "Saparovich, Mikhail"]
[Black "Rovaretti, David"]
[Result "0-1"]
[WhiteElo "1400"]
[BlackElo "1778"]
[PlyCount "65"]
[EventDate "2024.08.16"]

1. d4 f5 2. Nc3 e6 3. Nf3 Nf6 4. Bg5 Bb4 5. Qd2 O-O 6. h4 Qe8 7. Bxf6 Rxf6 8. O-O-O d6 9. a3 Ba5 10. Qe1 b5 11. b4 Bb6 12. e4 Bd7 13. exf5 a5 14. Ng5 axb4 15. Qe4 Rxa3 16. fxe6 bxc3 17. Qxh7+ Kf8 18. e7+ Kxe7 19. Re1+ Re6 20. Rxe6+ Bxe6 21. Qxg7+ Qf7 22. Qxf7+ Bxf7 23. Kb1 Ba2+ 24. Kc1 Bxd4 25. Bxb5 Bc4 26. Re1+ Be5 27. Kb1 Bxb5 28. f4 Nd7 29. fxe5 Nxe5 30. h5 Kf6 31. Rxe5 dxe5 32. h6 Kxg5 33. h7 0-1

[Event "2024 Newport Major"]
[Site "Newport"]
[Date "2024.08.18"]
[Round "4.18"]
[White "Morgans, Justin"]
[Black "Peters, Chris"]
[Result "1/2-1/2"]
[WhiteElo "1747"]
[BlackElo "1661"]
[PlyCount "38"]
[EventDate "2024.08.16"]

1. e4 d6 2. Nf3 g6 3. Bc4 e6 4. d3 Nc6 5. Bg5 Be7 6. Bxe7 Qxe7 7. O-O Bd7 8. a3 Nf6 9. Nc3 Ne5 10. Ba2 h5 11. Nxe5 dxe5 12. d4 O-O-O 13. d5 Ng4 14. Qf3 f5 15. dxe6 Bxe6 16. Bxe6+ Qxe6 17. exf5 Qxf5 18. Qxf5+ gxf5 19. Rad1 c6 1/2-1/2

[Event "2024 Newport Major"]
[Site "Newport"]
[Date "2024.08.18"]
[Round "4.19"]
[White "Holland, Lyn"]
[Black "Emblem, Mark"]
[Result "0-1"]
[WhiteElo "1669"]
[BlackElo "1611"]
[PlyCount "23"]
[EventDate "2024.08.16"]

1. e4 d5 2. exd5 Qxd5 3. Nc3 Qd8 4. d4 Nf6 5. Nf3 g6 6. Bg5 Bg7 7. Qd2 O-O 8. Bh6 Nc6 9. Bxg7 Kxg7 10. O-O-O Bf5 11. Bc4 a6 12. Nh4 0-1

[Event "2024 Newport Major"]
[Site "Newport"]
[Date "2024.08.18"]
[Round "5.1"]
[White "Thomas, Mark"]
[Black "Forsey, Tomas"]
[Result "1-0"]
[WhiteElo "1896"]
[BlackElo "1713"]
[PlyCount "131"]
[EventDate "2024.08.16"]

1. e4 c5 2. Nc3 Nc6 3. f4 g6 4. Nf3 Bg7 5. Bb5 Nd4 6. O-O Nxb5 7. Nxb5 e6 8. Nd6+ Kf8 9. e5 h6 10. d4 cxd4 11. Qxd4 Ne7 12. Be3 Nf5 13. Nxf5 exf5 14. Rfd1 Kg8 15. Qd5 Qe7 16. Nd4 a6 17. Nb3 d6 18. Qxd6 Qxd6 19. Rxd6 Kh7 20. Rad1 Re8 21. Nc5 Bf8 22. Rb6 Bxc5 23. Bxc5 Be6 24. Bd6 Rec8 25. Rd2 Ra7 26. b3 Rd8 27. Kf2 Rd7 28. Ke3 Ra8 29. c4 Rc8 30. h4 Rg8 31. g3 Rc8 32. Kd4 h5 33. Rc2 Kg8 34. a4 Kh7 35. a5 Kg8 36. b4 Kh7 37. Rc3 Kg8 38. b5 axb5 39. cxb5 Rxc3 40. Kxc3 Bd5 41. Kd4 Be4 42. a6 bxa6 43. bxa6 Ra7 44. Bb8 Rd7+ 45. Rd6 Re7 46. Rd8+ Kg7 47. Kc5 f6 48. Kb6 fxe5 49. fxe5 Kf7 50. Bd6 Re8 51. Rxe8 Kxe8 52. Kc7 Kf7 53. Kb8 Ke6 54. a7 g5 55. hxg5 f4 56. gxf4 h4 57. Bc5 Kf5 58. Bf2 h3 59. Bg3 Kg4 60. Bh2 Kf3 61. g6 Kg2 62. g7 Kxh2 63. g8=Q Kh1 64. a8=Q Bxa8 65. Kxa8 h2 66. Qd5+ 1-0

[Event "2024 Newport Major"]
[Site "Newport"]
[Date "2024.08.18"]
[Round "5.2"]
[White "Prabhu, Vismith"]
[Black "McGeeney, David"]
[Result "1-0"]
[WhiteElo "1674"]
[BlackElo "1780"]
[PlyCount "33"]
[EventDate "2024.08.16"]

1. d4 d5 2. c4 c6 3. Nf3 Bf5 4. cxd5 Bxb1 5. Rxb1 Qa5+ 6. Bd2 Qxa2 7. dxc6 Nxc6 8. e4 Qe6 9. Qc2 Qd7 10. d5 Nd8 11. Ne5 Rc8 12. Qb3 Qd6 13. Bb5+ Nc6 14. dxc6 bxc6 15. Qxf7+ Kd8 16. Ba5+ Rc7 17. Qxf8# 1-0

[Event "2024 Newport Major"]
[Site "Newport"]
[Date "2024.08.18"]
[Round "5.3"]
[White "Loog, Tiiu"]
[Black "Shek, Daniel"]
[Result "1/2-1/2"]
[WhiteElo "1764"]
[BlackElo "1872"]
[PlyCount "53"]
[EventDate "2024.08.16"]

1. d4 Nf6 2. Bf4 c5 3. c3 cxd4 4. Bxb8 Rxb8 5. Qxd4 b6 6. e3 e6 7. Nf3 Bc5 8. Qd1 O-O 9. Be2 Qc7 10. h3 d5 11. O-O e5 12. Nbd2 e4 13. Nd4 Bxd4 14. cxd4 Qd6 15. a3 Bd7 16. b4 Ne8 17. Qb3 f5 18. f4 Nf6 19. Rac1 Rfc8 20. Qb2 h6 21. Rxc8+ Rxc8 22. Rc1 g5 23. Rxc8+ Bxc8 24. Qc3 Bd7 25. g3 gxf4 26. gxf4 Ne8 27. Nf1 1/2-1/2

[Event "2024 Newport Major"]
[Site "Newport"]
[Date "2024.08.18"]
[Round "5.4"]
[White "Mckenna, Joshua"]
[Black "Little, Cameron"]
[Result "1-0"]
[WhiteElo "1701"]
[BlackElo "1840"]
[PlyCount "97"]
[EventDate "2024.08.16"]

1. e4 e5 2. Nf3 Nf6 3. Nxe5 d5 4. d4 Bd6 5. exd5 O-O 6. Bd3 Re8 7. O-O Bxe5 8. dxe5 Rxe5 9. Qf3 Bg4 10. Qg3 Qe7 11. Bf4 Re1 12. Nc3 Rxa1 13. Rxa1 Nbd7 14. Bxc7 Qc5 15. Bf4 Rc8 16. Ne4 Qxd5 17. Nxf6+ Nxf6 18. Be5 Qe6 19. Bxf6 gxf6 20. h3 f5 21. hxg4 fxg4 22. Qh4 f5 23. Qg5+ Qg6 24. Qxg6+ hxg6 25. Re1 Kf7 26. b3 Kf6 27. Bc4 Rc6 28. a4 Rd6 29. Kf1 Rb6 30. Re8 Rd6 31. Ke2 Rd7 32. a5 Rd6 33. Rb8 Rd7 34. a6 b6 35. Rb7 Ke7 36. Rxd7+ Kxd7 37. Bf7 g5 38. c4 Kd6 39. b4 Ke5 40. c5 bxc5 41. bxc5 f4 42. g3 Kf6 43. c6 Ke7 44. Bd5 Kd6 45. Kd3 Kc7 46. Ke4 Kb6 47. Kf5 fxg3 48. fxg3 Kxa6 49. c7 1-0

[Event "2024 Newport Major"]
[Site "Newport"]
[Date "2024.08.18"]
[Round "5.5"]
[White "Di-Vetta, Andrew"]
[Black "Thomas, Kevin"]
[Result "1-0"]
[WhiteElo "1798"]
[BlackElo "1750"]
[PlyCount "61"]
[EventDate "2024.08.16"]

1. e4 d6 2. d4 Nf6 3. Bd3 g6 4. Ne2 c5 5. c3 cxd4 6. cxd4 Bg7 7. Nbc3 a6 8. h3 Nc6 9. Be3 e5 10. d5 Ne7 11. Qb3 b5 12. a4 bxa4 13. Rxa4 O-O 14. O-O Ne8 15. Bb6 Qd7 16. Rfa1 f5 17. f3 fxe4 18. fxe4 Bh6 19. Rb4 Kg7 20. Qa4 Qxa4 21. Nxa4 Rb8 22. Kh1 Bd2 23. Nec3 Rf4 24. Rc4 Bd7 25. Rc7 Nxc7 26. Bxc7 Rb3 27. Bxd6 Kf6 28. Nc5 Rxb2 29. Nxd7+ Kf7 30. Bxe5 Rf2 31. Nd1 1-0

[Event "2024 Newport Major"]
[Site "Newport"]
[Date "2024.08.18"]
[Round "5.6"]
[White "Jones, Steve"]
[Black "Jones, Gavin"]
[Result "1-0"]
[WhiteElo "1812"]
[BlackElo "1710"]
[PlyCount "57"]
[EventDate "2024.08.16"]

1. d4 Nf6 2. Nc3 e6 3. Bf4 Be7 4. e3 O-O 5. Bd3 b6 6. Qf3 d5 7. g4 g6 8. h3 Bb7 9. Nb5 Na6 10. a3 c6 11. Nd6 Qd7 12. Nxb7 Qxb7 13. Ne2 c5 14. c3 c4 15. Bc2 Ne4 16. h4 f6 17. Qh3 Rf7 18. f3 Nd6 19. O-O-O Bf8 20. Ng3 b5 21. g5 Nf5 22. gxf6 b4 23. axb4 Nxb4 24. cxb4 Qxb4 25. Nxf5 c3 26. bxc3 Qa3+ 27. Kd2 exf5 28. Ra1 Qb2 29. Rhb1 1-0

[Event "2024 Newport Major"]
[Site "Newport"]
[Date "2024.08.18"]
[Round "5.7"]
[White "Daly, Grant"]
[Black "Thom, Cash"]
[Result "1/2-1/2"]
[WhiteElo "1655"]
[BlackElo "1720"]
[PlyCount "74"]
[EventDate "2024.08.16"]

1. d4 Nf6 2. c4 e6 3. Nc3 Bb4 4. e3 d5 5. cxd5 exd5 6. Bd3 O-O 7. Nge2 Bd6 8. Qc2 c6 9. f3 g6 10. O-O Re8 11. e4 dxe4 12. fxe4 Bf8 13. Bg5 Be7 14. Rf2 Ng4 15. Bxe7 Qxe7 16. Rf3 Be6 17. Raf1 Rf8 18. h3 Nh6 19. Nf4 Nd7 20. Qc1 Ng4 21. Nxe6 Qxe6 22. hxg4 Kg7 23. g5 f6 24. gxf6+ Nxf6 25. e5 Ng4 26. Rxf8 Rxf8 27. Rxf8 Kxf8 28. Qf1+ Kg7 29. Bc4 Qd7 30. Qf4 h5 31. e6 Qd8 32. d5 Qb6+ 33. Kh1 Qxb2 34. Qf7+ Kh6 35. Qf8+ Kh7 36. Nd1 Qe5 37. Qf7+ Kh8 1/2-1/2

[Event "2024 Newport Major"]
[Site "Newport"]
[Date "2024.08.18"]
[Round "5.8"]
[White "Williams, John A"]
[Black "Gale, Michael"]
[Result "0-1"]
[WhiteElo "1593"]
[BlackElo "1715"]
[PlyCount "56"]
[EventDate "2024.08.16"]

1. b3 e5 2. Bb2 Nc6 3. e3 Nf6 4. Nf3 e4 5. Nd4 Nxd4 6. Bxd4 d5 7. d3 Bb4+ 8. c3 c5 9. Bxf6 Qxf6 10. d4 cxd4 11. cxb4 dxe3 12. Bb5+ Ke7 13. O-O exf2+ 14. Rxf2 Qxa1 15. Qc1 Qe5 16. Qc5+ Qd6 17. Rxf7+ Ke6 18. Qf2 Qb6 19. Qxb6+ axb6 20. Rxg7 Rxa2 21. Nc3 Rc2 22. Ne2 Kf6 23. Rg3 Be6 24. Kf2 d4 25. Ke1 d3 26. Nd4 Rb2 27. Nxe6 Kxe6 28. h4 Ra8 0-1

[Event "2024 Newport Major"]
[Site "Newport"]
[Date "2024.08.18"]
[Round "5.9"]
[White "Faulkner, David J"]
[Black "Daniel, Elijah"]
[Result "1-0"]
[WhiteElo "1871"]
[BlackElo "1392"]
[PlyCount "91"]
[EventDate "2024.08.16"]

1. Nf3 f5 2. c4 Nf6 3. Nc3 e6 4. g3 Be7 5. Bg2 O-O 6. O-O Nc6 7. d4 d5 8. Ne5 Bb4 9. Bg5 Bxc3 10. bxc3 Qd6 11. Bf4 Qd8 12. Nxc6 bxc6 13. Qa4 Bb7 14. Rab1 Qc8 15. Rb2 Nd7 16. c5 Nb8 17. Rfb1 Ba6 18. Qa5 Rf7 19. h4 Bb5 20. Bf1 Kh8 21. e3 Bxf1 22. Kxf1 Kg8 23. Rb7 h6 24. Rxa7 Rxa7 25. Qxa7 Qa6+ 26. Qxa6 Nxa6 27. Rb7 Re7 28. Be5 Kh7 29. Ra7 Nb8 30. Rxc7 Rxc7 31. Bxc7 Nd7 32. a4 Nf6 33. f3 g5 34. hxg5 hxg5 35. a5 g4 36. a6 gxf3 37. a7 Ne4 38. a8=Q Nd2+ 39. Kf2 Ne4+ 40. Kxf3 Nd2+ 41. Kf4 Ne4 42. Qxc6 Nf6 43. Qxe6 Nh5+ 44. Kg5 Ng7 45. Qf7 f4 46. Be5 1-0

[Event "2024 Newport Major"]
[Site "Newport"]
[Date "2024.08.18"]
[Round "5.10"]
[White "Bain, Oliver"]
[Black "Hannigan, Jack"]
[Result "0-1"]
[WhiteElo "1726"]
[BlackElo "1824"]
[PlyCount "74"]
[EventDate "2024.08.16"]

1. d4 c5 2. d5 e5 3. e4 d6 4. Nc3 Be7 5. Nf3 Bg4 6. h3 Bh5 7. g4 Bg6 8. Nd2 Bh4 9. Nc4 Nf6 10. Bd3 O-O 11. Qe2 a6 12. a4 Qe7 13. Bd2 Nbd7 14. O-O-O b5 15. Rdg1 bxc4 16. Bxc4 Rfb8 17. g5 Bh5 18. gxf6 Bxe2 19. fxe7 Bxc4 20. e8=Q+ Rxe8 21. b3 Bxb3 22. cxb3 Bxf2 23. Rg2 Bd4 24. Ne2 Rec8 25. Nxd4 cxd4+ 26. Kb2 Nc5 27. Rhg1 g6 28. Rg4 Rab8 29. b4 Nxa4+ 30. Kb3 Nb6 31. Ra1 Ra8 32. Bg5 Kf8 33. Bh6+ Ke8 34. h4 Rc3+ 35. Kb2 Nc4+ 36. Ka2 Rb8 37. Rb1 Ra3# 0-1

[Event "2024 Newport Major"]
[Site "Newport"]
[Date "2024.08.18"]
[Round "5.11"]
[White "Balfe, Andrew"]
[Black "Parri, Deio"]
[Result "0-1"]
[WhiteElo "1606"]
[BlackElo "1774"]
[PlyCount "74"]
[EventDate "2024.08.16"]

1. e4 e6 2. Nf3 d5 3. e5 c5 4. Bb5+ Bd7 5. Qe2 a6 6. Bxd7+ Qxd7 7. O-O Ne7 8. Nc3 Nbc6 9. a3 Ng6 10. d3 Be7 11. Re1 O-O 12. Bd2 Rfe8 13. Rab1 f6 14. exf6 Bxf6 15. Na4 Qd6 16. Bg5 b5 17. Nc3 Qe7 18. Bxf6 Qxf6 19. g3 Rad8 20. Nd2 Nd4 21. Qd1 Rf8 22. Rf1 e5 23. Ne2 Nf5 24. Nb3 c4 25. Na5 Qb6 26. Qd2 e4 27. d4 Rc8 28. Qc3 Rce8 29. Rbd1 Rf7 30. h4 Nfxh4 31. gxh4 Rf3 32. Qb4 Qe6 33. Ng3 Qh3 34. Qd6 Nf4 35. Qxf4 Rxf4 36. Nh5 Rxh4 37. f4 Qh2# 0-1

[Event "2024 Newport Major"]
[Site "Newport"]
[Date "2024.08.18"]
[Round "5.12"]
[White "Rovaretti, David"]
[Black "Williams, James L"]
[Result "1-0"]
[WhiteElo "1778"]
[BlackElo "1659"]
[PlyCount "103"]
[EventDate "2024.08.16"]

1. e4 d6 2. b3 Nf6 3. d3 g6 4. Bb2 Bg7 5. Be2 O-O 6. f4 e6 7. Nd2 Nc6 8. Ngf3 Ng4 9. Qc1 Bxb2 10. Qxb2 Re8 11. h3 Nf6 12. g4 e5 13. f5 d5 14. O-O-O d4 15. Rdg1 Kh8 16. Kb1 Rg8 17. Nc4 Qe7 18. c3 b5 19. Ncd2 Qc5 20. cxd4 Nxd4 21. Nxd4 Qxd4 22. Nf3 Qxb2+ 23. Kxb2 Nd7 24. d4 exd4 25. Bxb5 c5 26. Bc4 Rf8 27. Bd5 Rb8 28. e5 Bb7 29. Bxb7 Rxb7 30. Rc1 Re8 31. Rhe1 Rb6 32. Ng5 Kg7 33. e6 fxe6 34. fxe6 Nf6 35. Rxc5 h6 36. Rc7+ Kg8 37. Nf7 Rbxe6 38. Nxh6+ Kh8 39. Rd1 R8e7 40. Rxe7 Rxe7 41. Rxd4 Kg7 42. g5 Re5 43. gxf6+ Kxh6 44. Rf4 Rf5 45. Rxf5 gxf5 46. Kc2 Kg6 47. Kd3 Kxf6 48. Ke3 Kg5 49. Kf3 f4 50. h4+ Kxh4 51. Kxf4 Kh5 52. Ke5 1-0

[Event "2024 Newport Major"]
[Site "Newport"]
[Date "2024.08.18"]
[Round "5.13"]
[White "Farani Sani, Hamid"]
[Black "Ryan, Jeremy"]
[Result "0-1"]
[WhiteElo "1600"]
[BlackElo "1759"]
[PlyCount "56"]
[EventDate "2024.08.16"]

1. f4 d5 2. e3 Nf6 3. c4 e6 4. Nf3 Be7 5. d4 O-O 6. Nc3 b6 7. Bd3 Ba6 8. Ne5 dxc4 9. Qf3 c6 10. Bc2 Qc7 11. g4 Bb7 12. Ne4 c5 13. Nxf6+ Bxf6 14. Qh3 g6 15. Rg1 cxd4 16. exd4 Nc6 17. Be3 Nb4 18. Ba4 Bxe5 19. fxe5 Nd3+ 20. Ke2 Nxb2 21. Bc2 Rac8 22. Raf1 f6 23. Rxf6 Rxf6 24. exf6 Rf8 25. Rf1 Rf7 26. Qh6 Nd3 27. Bxd3 cxd3+ 28. Kxd3 Ba6+ 0-1

[Event "2024 Newport Major"]
[Site "Newport"]
[Date "2024.08.18"]
[Round "5.14"]
[White "Williams, David J"]
[Black "Norris, David"]
[Result "1/2-1/2"]
[WhiteElo "1723"]
[BlackElo "1713"]
[PlyCount "59"]
[EventDate "2024.08.16"]

1. d4 Nf6 2. Nf3 e6 3. Bg5 Be7 4. Nbd2 O-O 5. e4 b6 6. Be2 Bb7 7. e5 Nd5 8. Bxe7 Qxe7 9. O-O Nf4 10. Re1 d6 11. Bf1 Nd7 12. g3 Ng6 13. exd6 cxd6 14. Bg2 Rac8 15. c3 Nf6 16. a4 h5 17. h4 Rfe8 18. Ng5 Bxg2 19. Kxg2 Qb7+ 20. Qf3 Qxf3+ 21. Ndxf3 Ng4 22. Ne4 Rcd8 23. a5 e5 24. d5 b5 25. a6 Ne7 26. Red1 Nf5 27. Rdc1 Rc8 28. b3 Re7 29. Nfg5 Rec7 30. Nf3 1/2-1/2

[Event "2024 Newport Major"]
[Site "Newport"]
[Date "2024.08.18"]
[Round "5.15"]
[White "Emblem, Mark"]
[Black "Jones, Jeremy"]
[Result "1/2-1/2"]
[WhiteElo "1611"]
[BlackElo "1713"]
[PlyCount "50"]
[EventDate "2024.08.16"]

1. Nf3 Nf6 2. d4 d5 3. e3 g6 4. c4 c6 5. Nc3 Bg7 6. Be2 dxc4 7. Bxc4 b5 8. Bd3 a6 9. O-O O-O 10. a3 Nbd7 11. b4 Nb6 12. Qc2 Be6 13. Ne4 Nxe4 14. Bxe4 Bd5 15. Bb2 Bxe4 16. Qxe4 Nc4 17. Bc3 Qd7 18. Rfd1 e6 19. Qc2 f5 20. Ne5 Nxe5 21. dxe5 Qc7 22. f4 Rfd8 23. Bd4 a5 24. Bc5 Rxd1+ 25. Qxd1 Bf8 1/2-1/2

[Event "2024 Newport Major"]
[Site "Newport"]
[Date "2024.08.18"]
[Round "5.16"]
[White "Cuthbert, Larissa"]
[Black "Morgans, Justin"]
[Result "0-1"]
[WhiteElo "1639"]
[BlackElo "1747"]
[PlyCount "114"]
[EventDate "2024.08.16"]

1. d4 d5 2. c4 e6 3. Nc3 Nf6 4. Bf4 c6 5. e3 Bd6 6. Bg5 Be7 7. Bd3 O-O 8. Qc2 h6 9. Bxf6 Bxf6 10. c5 e5 11. dxe5 Bxe5 12. Nf3 Bf6 13. O-O Be6 14. Qe2 Nd7 15. Bc2 Nxc5 16. Rad1 Bxc3 17. bxc3 Qf6 18. Nd4 Rfe8 19. Nxe6 Nxe6 20. c4 dxc4 21. Qxc4 Rad8 22. Rb1 Re7 23. f4 Rdd7 24. Qe4 Nf8 25. Qf3 Qc3 26. Bf5 Rd2 27. Rb3 Qc5 28. Be4 Rxa2 29. f5 Nh7 30. f6 Nxf6 31. Bb1 Ra3 32. Rxa3 Qxa3 33. Qf5 Qxe3+ 34. Kh1 Qe6 35. Qc2 Qe2 36. Qf5 Qe6 37. Qc2 Qe4 38. Qc5 Qe2 39. Qf5 Re6 40. h3 Qe5 41. Qd3 Rd6 42. Qc4 Qd4 43. Qb3 b5 44. Ba2 Nd5 45. Qf3 Rf6 46. Qe2 Rxf1+ 47. Qxf1 a5 48. Bb1 g6 49. Qc1 Qe3 50. Qxc6 Qe1+ 51. Kh2 Qxb1 52. Qxd5 a4 53. Qe5 Qb3 54. Qf4 Kh7 55. Qf6 a3 56. h4 h5 57. Qf1 Qc4 0-1